| 000 | 00691nam a2200253Ia 4500 | ||
|---|---|---|---|
| 003 | OSt | ||
| 005 | 20220926013341.0 | ||
| 006 | a|||||r|||| 00| 0 | ||
| 007 | ta | ||
| 008 | 220923b |||||||| |||| 00| 0 eng d | ||
| 020 | _a030733707 | ||
| 037 | _cGeneral Book | ||
| 040 |
_aRTL _cRTL _beng |
||
| 041 |
_2eng _aeng |
||
| 082 | _aB7:3, K9/TD3 | ||
| 100 |
_aCitron Stephen J _9318139 |
||
| 245 | 0 | _aElements of optimal control | |
| 260 |
_aNew York _bHolt Rinehart and Winston _c1969 |
||
| 300 |
_axiii,266p. _ccm. |
||
| 500 | _aBibliography: P 260 | ||
| 650 | _aOptimization | ||
| 942 |
_hB7:3, K9/TD3 _cGB _2CC |
||
| 999 |
_c625771 _d625771 |
||